Juran y el liderazgo para la calidad: manual para ejecutivos
Saved in:
| Hovedforfatter: | |
|---|---|
| Format: | Bog |
| Sprog: | spansk |
| Udgivet: |
Madrid
Diaz de Santos
1990
|
| Fag: | |
| Tags: |
Tilføj Tag
Ingen Tags, Vær først til at tagge denne postø!
|
MARC
| LEADER | 00000nam a2200000 a 4500 | ||
|---|---|---|---|
| 001 | UCX7871 | ||
| 003 | CL-VaPUC | ||
| 008 | 940111e19900000SP |||||||||||||||||spa|d | ||
| 082 | 0 | 4 | |a 658.562 |b JUR |2 21 |
| 100 | |a Juran, Joseph M |e author |9 434094 | ||
| 245 | 1 | 0 | |a Juran y el liderazgo para la calidad: manual para ejecutivos |
| 300 | |a 363 p | ||
| 942 | |c BK | ||
| 945 | |d 19940111 00:00:00 |a mfernand | ||
| 260 | |a Madrid |b Diaz de Santos |c 1990 | ||
| 650 | 0 | |a Control de calidad |9 259714 | |
| 650 | 0 | |a Manuales |9 257144 | |
| 583 | |a last modification |c 19940111 00:00:00 |k Rodrigo Vera | ||
| 999 | |c 227553 |d 227551 | ||
| 952 | |0 0 |1 0 |4 0 |6 658_562000000000000_JUR_1990 |7 0 |8 A |9 226664 |a BIBGIM |b BIBGIM |d 2019-11-15 |i 2956535 |o 658.562 JUR 1990 |p 2956535 |r 2025-01-15 |w 2019-11-15 |y BK |k COM | ||